000 00363cam a2200145 4500
001 L130899
002 9089
008 050914n2005 000 0 eng u
020 _a185946162X
035 _a(Sirsi) u130899
245 _aArchitects guide to the contract administration forms WCD 98
260 _aRIBA Publications
_c2005
350 _a18.95
942 _n0
999 _c104601
_d104601